अस्पताल में लोकतंत्र / (Record no. 112645)

MARC details
000 -LEADER
fixed length control field 01042nam a22002537a 4500
005 - DATE AND TIME OF LATEST TRANSACTION
control field 20170124102942.0
010 ## - LIBRARY OF CONGRESS CONTROL NUMBER
LC control number B-151155
020 ## - INTERNATIONAL STANDARD BOOK NUMBER
Terms of availability 175.00
International Standard Book Number 81854778910
035 ## - SYSTEM CONTROL NUMBER
System control number B-151155
037 ## - SOURCE OF ACQUISITION
Source of stock number/acquisition Cen Lib/Ret
040 ## - CATALOGING SOURCE
Original cataloging agency DPL
Language of cataloging HN
082 ## - DEWEY DECIMAL CLASSIFICATION NUMBER
Classification number 827
Item number शुक्लवि
100 ## - MAIN ENTRY--PERSONAL NAME
Personal name शुक्ल, विनोद शंकर
9 (RLIN) 4285
245 ## - TITLE STATEMENT
Title अस्पताल में लोकतंत्र /
Statement of responsibility, etc विनोद शंकर शुक्ल
246 ## - VARYING FORM OF TITLE
Title proper/short title Aspataal mei loktantra /
Remainder of title Vinod Shankar Shukla
260 ## - PUBLICATION, DISTRIBUTION, ETC. (IMPRINT)
Place of publication, distribution, etc दिल्ली
Name of publisher, distributor, etc ज्ञान भारती
Date of publication, distribution, etc 2004
270 ## - ADDRESS
Address 4/14, रूप नगर
City दिल्ली
Postal code 110007
300 ## - PHYSICAL DESCRIPTION
Extent x, 166पृ.
Dimensions 21सेमी (सजिल्द)
650 ## - SUBJECT ADDED ENTRY--TOPICAL TERM
Topical term or geographic name as entry element हिंदी साहित्य
9 (RLIN) 48552
650 ## - SUBJECT ADDED ENTRY--TOPICAL TERM
Topical term or geographic name as entry element निबंध संग्रह
General subdivision व्यंग्य
9 (RLIN) 48553
650 ## - SUBJECT ADDED ENTRY--TOPICAL TERM
Topical term or geographic name as entry element Hindi Literature
9 (RLIN) 48554
650 ## - SUBJECT ADDED ENTRY--TOPICAL TERM
Topical term or geographic name as entry element Essay Collection
General subdivision Squid
9 (RLIN) 48555
942 ## - ADDED ENTRY ELEMENTS (KOHA)
Source of classification or shelving scheme Dewey Decimal Classification
Koha item type Hindi Books
Classification part 827
Call number suffix शुक्लवि
Holdings
Withdrawn status Lost status Damaged status Not for loan Home library Current library Date acquired Source of acquisition Cost, normal purchase price Total Checkouts Full call number Barcode Date last seen Copy number Cost, replacement price Price effective from Koha item type
        Central Library Central Library 10/08/2015 Cen Lib/Ret 175.00   827 शुक्लवि B-151155 10/08/2015 1 175.00 10/08/2015 Hindi Books

© Delhi Public Library
Hit Counter
free hit counter